header

Soldiers and settlers in Africa, 1850-1918 (Record no. 245131)

MARC details
000 -LEADER
fixed length control field 01833nam a2200433 a 4500
082 04 - DEWEY DECIMAL CLASSIFICATION NUMBER
Classification number 960/.23
245 00 - TITLE STATEMENT
Title Soldiers and settlers in Africa, 1850-1918
260 ## - PUBLICATION, DISTRIBUTION, ETC. (IMPRINT)
Place of publication Leiden ;
-- Boston :
Name of publisher Brill,
Year of publication 2009.
300 ## - PHYSICAL DESCRIPTION
Number of Pages xiii, 339 p. :
Other physical details ill., maps.
490 1# - SERIES STATEMENT
Series statement History of warfare,
650 #0 - SUBJECT ADDED ENTRY--TOPICAL TERM
Topical Term Soldiers
Topical Term Soldiers
700 1# - ADDED ENTRY--PERSONAL NAME
Personal name Miller, Stephen M.,
856 40 - ELECTRONIC LOCATION AND ACCESS
Uniform Resource Identifier http://site.ebrary.com/lib/rucke/Doc?id=10439324

No items available.

© 2026 Rongo University
Contact us: librarian | system librarian | Rongo university